Máy xây dựng
XD045 Đồ án máy xây dựng và an toàn lao động; XD046 Đồ án máy xây dựng
Na minha lista:
| Autor principal: | |
|---|---|
| Formato: | Livro |
| Idioma: | Undetermined |
| Publicado em: |
TP.HCM
Đại học Quốc gia TP.HCM
2008
|
| Assuntos: | |
| Acesso em linha: | http://lrc.tdmu.edu.vn/opac/search/detail.asp?aID=2&ID=3591 |
| Tags: |
Adicionar Tag
Sem tags, seja o primeiro a adicionar uma tag!
|
| Thư viện lưu trữ: | Trung tâm Học liệu Trường Đại học Thủ Dầu Một |
|---|
| LEADER | 00701nam a2200205Ia 4500 | ||
|---|---|---|---|
| 001 | TDMU_3591 | ||
| 008 | 210410s9999 xx 000 0 und d | ||
| 082 | |a 624.028 | ||
| 090 | |b L46 | ||
| 100 | |a Lê, Văn Kiểm | ||
| 245 | 0 | |a Máy xây dựng | |
| 245 | 0 | |c Lê Văn Kiểm | |
| 260 | |a TP.HCM | ||
| 260 | |b Đại học Quốc gia TP.HCM | ||
| 260 | |c 2008 | ||
| 300 | |a 136tr. | ||
| 520 | |a XD045 Đồ án máy xây dựng và an toàn lao động; XD046 Đồ án máy xây dựng | ||
| 650 | |a Máy xây dựng | ||
| 856 | |u http://lrc.tdmu.edu.vn/opac/search/detail.asp?aID=2&ID=3591 | ||
| 980 | |a Trung tâm Học liệu Trường Đại học Thủ Dầu Một | ||